Reconnais et nomme ces artistes francophones VOL1 - Statistiques

Statistiques générales
  • Ce quiz a été pris 76 fois
  • Le résultat moyen est 10 sur 16
Statistiques - réponses
Par images Réponse % Correct
Gims
97%
Zazie
96%
Amir
94%
Indochine
93%
Dalida
88%
Nolwenn Leroy
78%
Pomme
74%
Tayc
72%
L5
58%
Zaho
53%
Etienne Daho
47%
Michel Berger
47%
BB Brunes
42%
Ophélie Winter
33%
Suzane
32%
Ben Mazué
22%
Aucun quiz correspondant
Distribution des résultats
% des personnes avec chaque résultat
Percentile par nombre de réponses
Votre historique - résultats
Vous n’avez pas pris ce quiz